Tax Bonus for a Child Under the Conditions of the Slovak Republic
Podmienky a pravidlá nároku na daňový bonus na dieťa a ich zmeny, ktoré nastali v rokoch 2021, 2022 a 2023.
Gespeichert in:
| 1. Verfasser: | |
|---|---|
| Format: | Buchkapitel |
| Sprache: | Englisch |
| Schlagworte: | |
| Tags: |
Keine Tags, Fügen Sie das erste Tag hinzu!
|
MARC
| LEADER | 00000naa$a2200000$$$4500 | ||
|---|---|---|---|
| 001 | 0298395 | ||
| 005 | 20241218092744.4 | ||
| 041 | 0 | |a eng | |
| 044 | |a SK | ||
| 245 | 1 | 0 | |a Tax Bonus for a Child Under the Conditions of the Slovak Republic |c Miroslava Vašeková |
| 520 | |a Podmienky a pravidlá nároku na daňový bonus na dieťa a ich zmeny, ktoré nastali v rokoch 2021, 2022 a 2023. | ||
| 610 | 2 | 0 | |a dane |
| 610 | 2 | 0 | |a úľavy daňové |
| 610 | 2 | 0 | |a bonus daňový |
| 610 | 2 | 0 | |a zvýhodnenie daňové |
| 610 | 2 | 0 | |a deti |
| 610 | 2 | 0 | |a zákony |
| 610 | 2 | 0 | |a legislatíva |
| 610 | 2 | 0 | |a novelizácia |
| 610 | 2 | 0 | |a Slovensko |
| 100 | 1 | |a Vašeková, Miroslava, 1978- | |